LEADER 02220nam a2200289 i 4500 001 000000016264 003 CaOOAMICUS 005 20220523115512.0 008 180830s1985 it u000 u ita u 040 $aSeMil$bita 100 1 $aKrsnadasa Kaviraja Gosvami,$d<1518-1582>.$0(OLS)http://semarc/name/7505 245 10$aSri Caitanya-Caritamrta /$cdi Krsnadasa Kaviraja Gosvami ; con testo bengali originale, translitterazione in caratteri romani, traduzione letterale di A. C. Bhaktivedanta Swami Prabhupada. 264 1$aFirenze :$bEdizioni Bhaktivedanta,$c1985- 300 $a4 v. ;$c22 cm. 490 1 $aI grandi classici dell'India 600 04$aChaitanya Mahaprabhu .$0(OLS)http://semarc/subject/52313 700 1 $aBhaktivedantasvami,$d<1896-1977>.$0(OLS)http://semarc/name/4540 774 0 $aKrsnadasa Kaviraja Gosvami <1518-1582>$tAdi-lila.$dFirenze : Edizioni Bhaktivedanta, 1985.$w()16265 774 0 $aKrsnadasa Kaviraja Gosvami <1518-1582>$tMadhya-lila.$dFirenze : Edizioni Bhaktivedanta, 1985.$w()16266 774 0 $aKrsnadasa Kaviraja Gosvami <1518-1582>$tKrsnadasa Kaviraja Gosvami glorifica il Signore e i Suoi associati.$dFirenze : Edizioni Bhaktivedanta, 1985.$kGrandi classici dell'India$w()37035 774 0 $aKrsnadasa Kaviraja Gosvami <1518-1582>$tDivertimenti iniziali di Sri Caitanya Mahaprabhu.$dFirenze : Edizioni Bhaktivedanta, 1985.$kGrandi classici dell'India$w()37036 774 0 $aKrsnadasa Kaviraja Gosvami <1518-1582>$tManifestazioni estatiche di Sri Caitanya Mahaprabhu e le narrazioni riguardanti Madhavendra Puri, Saksi-gopala e Sarvabhauma Bhattacarya.$dFirenze : Edizioni Bhaktivedanta, 1985.$kGrandi classici dell'India$w()37037 774 0 $aKrsnadasa Kaviraja Gosvami <1518-1582>$tViaggio del Signore nei luoghi di pellegrinaggio, il Suo ritorno a Jagannatha Puri e i Suoi divertimenti al Ratha-yatra e nel tempio di Gundica.$dFirenze : Edizioni Bhaktivedanta, 1985.$kGrandi classici dell'India$w()37038 830 2$aI grandi classici dell'India.$0(OLS)http://semarc/title/13029 996 $6245$aSri Caitanya-Caritamrta$9(OLS)http://semarc/title/21521 996 $6264$aFirenze :$bEdizioni Bhaktivedanta$9(OLS)http://semarc/publisher/31683 LEADER 00984nam a2200205 i 4500 001 000000049430 003 CaOOAMICUS 005 20161214000000.0 008 161214s1792 it u000 u ita u 013 $a20601 026 $aonn- 5.d. 6.la (ali (3) 1792 (R) 040 $aSeMil$bita 245 10$aVolume 1. 300 $a[2], xij, 364 p., [2] carte di tav. ripieg. :$bill. calcogr. 500 $aA c. a1r, A1r e S1r vignette calcogr. incise da Domenico Aspari. - Segn. : pg1 a4 b2 A-2X4 2Y6. 700 1 $aAspari, Domenico,$c.$0(OLS)http://semarc/name/24497 773 0 $tDelle antichità longobardico-milanesi illustrate con dissertazioni dai monaci della congregazione cisterciese di Lombardia. Volume 1. [-4.].$dIn Milano : Nell'Imperial Monistero di S. Ambrogio Maggiore, 1792-1793.$g1$w()11237 850 $aSeMil 852 $aSeMil$W1$xVenegono$y1$m3O VII 1 FA$j15585$B15585$CSeMilBibl$Z2$F15585 $8I 996 $6245$aVolume 1$9(OLS)http://semarc/title/46244